| 000 | 00553cam a22001814a 4500 | ||
|---|---|---|---|
| 020 | _a0896291162 (pbk.) | ||
| 040 | _cDLC | ||
| 082 | 0 | 0 | _a338 INT 2000 C134 Or. |
| 245 | 0 | 2 |
_aA meta-analysis of rates of return to agricultural R&D : _bex pede Herculem? / |
| 260 |
_aWashington, D.C. : _bInternational Food Policy Research Institute, _cc2000. |
||
| 300 |
_ax, 148 p. : _bill. ; _c26 cm. |
||
| 490 | 1 | _aResearch report ; | |
| 650 | 0 | _aAgriculture | |
| 650 | 0 | _aAgriculture | |
| 650 | 0 | _aRate of return. | |
| 700 | 1 | _aAlston, Julian M. | |
| 942 | _cAEDBB | ||
| 999 |
_c18398 _d18398 |
||